000 00634nam a22001937a 4500
005 20240116125124.0
010 _aENG-138901
020 _a9789388409988
_c2995.00
035 _aEN-122433
037 _bDBAD/PUB
082 _a954.52
100 _aRichard, Samuel
_960974
245 _aBangladesh From Basket Case to Asian Tiger/
_bSamuel Richard
260 _c2023
_bHar-Anand Publication Pvt ltd
_aNew Delhi
270 _aE-49/3, Okhla Industrial Area, Phase-11
_bNew Delhi
_e110020
300 _c29cm(hbk)
_a106p.
500 _aIncludes bibliographical references and index
942 _cEN
_2ddc
_mRIC
_h954.52
999 _c200131
_d200131